000
00305nam a2200121Ia 4500
008
190216s9999||||xx |||||||||||||| ||und||
100
_a
Sathya Prakash & Agarwal
245
0
_a
Statistical Mechanics
260
_b
Kedernath Ramnath
_c
1989
300
_a
431p
650
_a
Chemistry-Chemistry
942
_c
BK
999
_c
2637
_d
2637